00527nam a22001817a 450000500170000001000150001702000260003202000230005803500130008103700130009408200100010710000210011724500600013826000400019827000550023830000330029350000190032620140616110101.0 aENG-106877 a9780230322721c265.00 a0230322727c245.00 aEN-90410 bDBAD/PUB a539.7 aGarg, Jagdish B. aNuclear Physics :cby Jagdish B. Gargbbasic concepts / aGurgaonbMacmillan Publishersc2011 a3A, 5th Floor, DLF Corporate ParkbGurgaone122002 axii,231p. :c24cm(pbk)bill. aIncludes index